000 00304nam a2200121Ia 4500
008 190216s9999||||xx |||||||||||||| ||und||
100 _aSrivastava T N&Amp; Kamboj
245 0 _aSystematic Analytical Chemistry
260 _bVishal Publcations
_c1985
300 _a469p
650 _aChemistry
942 _cBK
999 _c2567
_d2567